<?xml version="1.0" encoding="UTF-8"?>
<record
    xmlns:xsi="http://www.w3.org/2001/XMLSchema-instance"
    xsi:schemaLocation="http://www.loc.gov/MARC21/slim http://www.loc.gov/standards/marcxml/schema/MARC21slim.xsd"
    xmlns="http://www.loc.gov/MARC21/slim">

  <leader>01917nam a2200301 a 4500</leader>
  <controlfield tag="001">000038170</controlfield>
  <controlfield tag="003">DO-SdBNP</controlfield>
  <controlfield tag="005">20230220130625.0</controlfield>
  <controlfield tag="007">ta</controlfield>
  <controlfield tag="008">130320s2005    dr      r     000 0 spa d</controlfield>
  <datafield tag="020" ind1=" " ind2=" ">
    <subfield code="a">9993462160</subfield>
  </datafield>
  <datafield tag="040" ind1=" " ind2=" ">
    <subfield code="a">DO-SdBNP</subfield>
    <subfield code="b">spa</subfield>
    <subfield code="c">BNPHU</subfield>
  </datafield>
  <datafield tag="082" ind1=" " ind2="4">
    <subfield code="a">304.8097293</subfield>
    <subfield code="b">S211m</subfield>
    <subfield code="2">22</subfield>
  </datafield>
  <datafield tag="100" ind1="1" ind2=" ">
    <subfield code="a">S&#xE1;nchez, Servio,</subfield>
    <subfield code="d">1962-</subfield>
    <subfield code="9">64539</subfield>
  </datafield>
  <datafield tag="245" ind1="1" ind2="3">
    <subfield code="a">La migraci&#xF3;n en Rep&#xFA;blica Dominicana :</subfield>
    <subfield code="b">un enfoque psicosocial /</subfield>
    <subfield code="c">Servio S&#xE1;nchez.</subfield>
  </datafield>
  <datafield tag="260" ind1=" " ind2=" ">
    <subfield code="a">Santo Domingo :</subfield>
    <subfield code="b">Universitaria-UASD,</subfield>
    <subfield code="c">2005.</subfield>
  </datafield>
  <datafield tag="300" ind1=" " ind2=" ">
    <subfield code="a">64, [2]. p. ;</subfield>
    <subfield code="c">21 cm.</subfield>
  </datafield>
  <datafield tag="490" ind1="1" ind2=" ">
    <subfield code="a">Estudios sociales</subfield>
    <subfield code="v">17</subfield>
    <subfield code="a">Publicaciones de la Universidad Aut&#xF3;noma de Santo Domingo</subfield>
    <subfield code="v">1239</subfield>
  </datafield>
  <datafield tag="500" ind1=" " ind2=" ">
    <subfield code="a">Incluye datos biogr&#xE1;ficos del autor en la solapa de la contracubierta</subfield>
  </datafield>
  <datafield tag="504" ind1=" " ind2=" ">
    <subfield code="a">Bibliograf&#xED;a : p. 65-66</subfield>
  </datafield>
  <datafield tag="505" ind1="0" ind2=" ">
    <subfield code="a">Agradecimientos --</subfield>
    <subfield code="t">Presentaci&#xF3;n --</subfield>
    <subfield code="t">Introducci&#xF3;n --</subfield>
    <subfield code="g">Cap&#xED;tulo 1</subfield>
    <subfield code="t">La migraci&#xF3;n en la Rep&#xFA;blica Dominicana, un enfoque psicosocial --</subfield>
    <subfield code="g">Cap&#xED;tulo 2</subfield>
    <subfield code="t">Or&#xED;genes de la migraci&#xF3;n en la Republica Dominicana --</subfield>
    <subfield code="g">Cap&#xED;tulo 3</subfield>
    <subfield code="t">Consecuencias de las devastaciones --</subfield>
    <subfield code="g">Cap&#xED;tulo 4</subfield>
    <subfield code="t">Situaci&#xF3;n actual de la migraci&#xF3;n en la Rep&#xFA;blica Dominicana --</subfield>
    <subfield code="g">Cap&#xED;tulo 5</subfield>
    <subfield code="t">El estado frente a la problem&#xE1;tica migratoria en la Rep&#xFA;blica Dominicana --</subfield>
    <subfield code="g">Cap&#xED;tulo 6</subfield>
    <subfield code="t">Migraci&#xF3;n y globalizaci&#xF3;n --</subfield>
    <subfield code="g">Cap&#xED;tulo 7</subfield>
    <subfield code="t">Migraci&#xF3;n, globalizaci&#xF3;n y las organizaciones --</subfield>
    <subfield code="g">Cap&#xED;tulo 8</subfield>
    <subfield code="t">Res&#xFA;menes de leyes dominicana sobre migraci&#xF3;n --</subfield>
    <subfield code="t">Conclusi&#xF3;n</subfield>
    <subfield code="t">Recomendaciones</subfield>
    <subfield code="t">&#xC1;rbol de representaci&#xF3;n (A.R.E.) sobre migraci&#xF3;n</subfield>
    <subfield code="t">Mapa conceptual sobre migraci&#xF3;n.</subfield>
  </datafield>
  <datafield tag="590" ind1=" " ind2=" ">
    <subfield code="a">Inventariado, 2018/VM</subfield>
  </datafield>
  <datafield tag="650" ind1=" " ind2="4">
    <subfield code="a">Migraci&#xF3;n interna</subfield>
    <subfield code="z">Rep&#xFA;blica Dominicana</subfield>
    <subfield code="x">Aspectos psicol&#xF3;gicos</subfield>
    <subfield code="9">64540</subfield>
  </datafield>
  <datafield tag="650" ind1=" " ind2="4">
    <subfield code="a">Migraci&#xF3;n interna</subfield>
    <subfield code="z">Rep&#xFA;blica Dominicana</subfield>
    <subfield code="x">Aspectos sociales</subfield>
    <subfield code="9">64541</subfield>
  </datafield>
  <datafield tag="830" ind1=" " ind2="0">
    <subfield code="a">Estudios sociales</subfield>
    <subfield code="n">17</subfield>
    <subfield code="p">Publicaciones de la Universidad Aut&#xF3;noma de Santo Domingo</subfield>
    <subfield code="n">1239</subfield>
    <subfield code="9">64542</subfield>
  </datafield>
  <datafield tag="910" ind1=" " ind2=" ">
    <subfield code="a">Validado. Control de calidad. MFF</subfield>
  </datafield>
  <datafield tag="942" ind1=" " ind2=" ">
    <subfield code="2">ddc</subfield>
    <subfield code="c">LBS1</subfield>
  </datafield>
  <datafield tag="952" ind1=" " ind2=" ">
    <subfield code="0">0</subfield>
    <subfield code="1">0</subfield>
    <subfield code="2">ddc</subfield>
    <subfield code="5">1</subfield>
    <subfield code="7">0</subfield>
    <subfield code="8">PD</subfield>
    <subfield code="a">BNPHU</subfield>
    <subfield code="b">BNPHU</subfield>
    <subfield code="c">HD</subfield>
    <subfield code="d">2013-03-20</subfield>
    <subfield code="o">BNPHU PD 304.8097293 S211m</subfield>
    <subfield code="p">38170-10</subfield>
    <subfield code="r">2020-06-25</subfield>
    <subfield code="w">2020-06-25</subfield>
    <subfield code="y">LBS1</subfield>
  </datafield>
  <datafield tag="952" ind1=" " ind2=" ">
    <subfield code="0">0</subfield>
    <subfield code="1">0</subfield>
    <subfield code="2">ddc</subfield>
    <subfield code="5">1</subfield>
    <subfield code="7">0</subfield>
    <subfield code="8">PD</subfield>
    <subfield code="a">BNPHU</subfield>
    <subfield code="b">BNPHU</subfield>
    <subfield code="c">HD</subfield>
    <subfield code="d">2018-08-07</subfield>
    <subfield code="o">BNPHU PD 304.8097293 S211m</subfield>
    <subfield code="p">38170-20</subfield>
    <subfield code="r">2020-06-25</subfield>
    <subfield code="t">e. 2</subfield>
    <subfield code="w">2020-06-25</subfield>
    <subfield code="y">LBS1</subfield>
  </datafield>
  <datafield tag="952" ind1=" " ind2=" ">
    <subfield code="0">0</subfield>
    <subfield code="1">0</subfield>
    <subfield code="2">ddc</subfield>
    <subfield code="5">6</subfield>
    <subfield code="7">0</subfield>
    <subfield code="8">DS</subfield>
    <subfield code="a">BNPHU</subfield>
    <subfield code="b">BNPHU</subfield>
    <subfield code="c">HD</subfield>
    <subfield code="d">2023-02-20</subfield>
    <subfield code="l">0</subfield>
    <subfield code="o">BNPHU DS 304.8097293 S211m</subfield>
    <subfield code="p">2023-1019</subfield>
    <subfield code="r">2023-02-20</subfield>
    <subfield code="t">e.3</subfield>
    <subfield code="w">2023-02-20</subfield>
    <subfield code="y">LBS1</subfield>
  </datafield>
  <datafield tag="999" ind1=" " ind2=" ">
    <subfield code="c">37660</subfield>
    <subfield code="d">37660</subfield>
  </datafield>
</record>
